000 00572nam a2200181 i 4500
001 89451
003 ES-MaACL
005 20230906180158.0
007 t|
008 050110s1978 sp ||||1| spa d
100 1 _aLangman, Jan.
_970069
245 1 0 _aEmbriología médica
_b: desarrollo humano normal y anormal /
_cJan Langman ; traducido... Homero Vela Treviño.
250 _a3ª ed.
260 _a[Madrid] :
_bInteramericana,
_c[1978]
300 _aXV, 384 p. :
_bil. ;
_c25 cm.
700 1 _aVela Treviño, Homero.
_9113694
852 _aES-MaACL
_jA-3646
_bR.100128
999 _c89451
_d89451